=LDR 00000nam 2200000 4500 =001 NUTBA000000000006343 =005 20200210114703 =035 ##$$a 0010-121400000000067 =008 200210################g##########0#ind## =020 ##$$a 978-979-22-4333-8 =082 ##$$a 153. 8 =245 ##$$a Indonesia... bangkit !!! : $b Kumpilasi tulisan beberapa penulis mmeringati seratus tahun kebangkitan nasional /$c Gunawan, Adi w ...[Et.Al] =260 ##$$a Jakarta :$b Gramedia Pustaka Utama,$c 2009 =300 ##$$a vii, 235 Hlm : $b Ilus ; $c 13, 5 x 20 cm. =850 ##$$aNBPNMAT =084 ##$$a 153. 8 IND =650 #4$$a Motivasi =990 ##$$a 0001/BPAP-NTB/20142014 =990 ##$$a 0001/BPAP-NTB/20142015 =990 ##$$a 21106319/ Pb - 2011 =990 ##$$a 0001/BPAP-NTB/20142014 =990 ##$$a 21106319/ Pb - 2011 =990 ##$$a 0001/BPAP-NTB/20142014 =990 ##$$a 21106321/Pb - 2011 =990 ##$$a 21106319/ Pb - 2011 =990 ##$$a 0001/BPAP-NTB/20142014 =990 ##$$a 21106321/Pb - 2011 =990 ##$$a 21106319/ Pb - 2011 =990 ##$$a 21106320/Pb- 2011 =990 ##$$a 21106321/Pb - 2011 =990 ##$$a 21106319/ Pb - 2011